Programmer's guide to Windows

Bibliographic Details
Main Author: Durrant, David
Other Authors: Carlson, Geta, Yao, Paul
Format: Book
Language:English
Published: Singapore : Tech Pub./Sybex , c1987
Subjects:

MARC

LEADER 00000cam a2200000 7i4500
001 0000009378
005 20230627.0
008 010801 si eng
020 |a 9971848724 (pbk) 
040 |a INS 
090 0 0 |a QA76.8.I2594   |b .D87 1988 
100 1 |a Durrant, David 
245 1 0 |a Programmer's guide to Windows   |c by David Durrant, Geta Carlson and Paul Yao 
260 |a Singapore :   |b Tech Pub./Sybex ,   |c c1987 
300 |a 645 p. :   |b ill. ;   |c 22 cm. 
500 |a Includes index 
650 0 |a IBM Personal Computer   |x Programming 
650 0 |a Microsoft Windows (Computer file) 
650 0 |a Operating systems (Computers) 
650 0 |a Windows (Computer program) 
700 1 |a Carlson, Geta 
700 1 |a Yao, Paul 
999 |a 0000023379   |b BOOK   |c Open Shelf   |e Default branch